Statistics for UEFA Cup Winners'Cup Winners

Click here to take the quiz!

General Stats

  • This quiz has been taken 1,170 times
  • The average score is 22 of 39

Answer Stats

HintAnswer% Correct
1982Barcelona
91%
1989Barcelona
91%
1997Barcelona
91%
1979Barcelona
91%
1968AC Milan
85%
1973AC Milan
85%
1967Bayern Munich
82%
1987Ajax Amsterdam
80%
1984Juventus
80%
1994Arsenal
77%
1998Chelsea
77%
1971Chelsea
77%
1991Manchester United
77%
1999Lazio Roma
68%
1996Paris Saint Germain
65%
1963Tottenham
65%
1966Borussia Dortmund
64%
1980FC Valencia
62%
1972Glasgow Rangers
62%
1962Atlético Madrid
56%
1993FC Parma
56%
1977Hamburg
54%
1964Sporting Lisbon
52%
1978Anderlecht
51%
1976Anderlecht
51%
1985Everton
50%
1970Manchester City
48%
1961Fiorentina
46%
1990Sampdoria
43%
1983Aberdeen
40%
1965West Ham
38%
1995Real Zaragoza
33%
1992Werder Bremen
33%
1975Dynamo Kiev
30%
1986Dynamo Kiev
30%
1988KV Mechelen
24%
1974FC Magdeburg
20%
1981Dinamo Tbilisi
13%
1969Slovan Bratislava
11%

Score Distribution

Percentile by Number Answered

Percent of People with Each Score

Your Score History

You have not taken this quiz